Estatísticas para Os 15 maiores jogadores da história da Nba

Clique aqui para jogar o quiz

Estatísticas Gerais

  • Esse quiz foi jogado 1 340 vezes
  • A pontuação média é 9 de 15

Estatísticas das Respostas

Posição/FranquiaJogador% Correto
1º (Bulls)Michel Jordan
97%
3º (Lakers)Lebron James
94%
9º (Lakers)Kobe Bryant
84%
7º (Celtics)Larry Bird
79%
4º (Lakers)Magic Johnson
71%
10º (Lakers)Shaquille O’ Neal
68%
2º (Bucks)Kerem Abdul-Jabbar
62%
6º (76ers)Wilt Chamberlain
57%
5º (Celtics)Bill Russell
56%
11º (Rockets)Hakeem Olajuwon
48%
13º (Lakers)Jerry West
37%
14º (76ers)Julius Erving
30%
12º (Bucks)Oscar Robertson
30%
8º (Spurs)Tim Duncam
30%
15º (76ers)Moses Malone
28%

Distribuição das Pontuações

Percentil de Números Respondidos

Porcentagem de Pessoas com Cada Pontuação

Sua Pontuação Histórica

Você não jogou esse quiz